| Tag |
First Indicator |
Second Indicator |
Subfields |
| LEADER |
00000cam a22000008a 4500 |
| 001 |
in00000034073 |
| 005 |
20151007055204.0 |
| 008 |
870212s1987 enka b 00110 eng |
| 010 |
|
|
|a 87005178
|
| 020 |
|
|
|a 063114577X :
|c $35.00 (U.S.)
|
| 035 |
|
|
|a (OCoLC)15285165
|
| 035 |
|
|
|9 AAB7512AM
|
| 040 |
|
|
|a DLC
|c DLC
|d TXA
|d UtOrBLW
|
| 049 |
|
|
|a TXAM
|c [A11073958]
|
| 050 |
0 |
0 |
|a GB561
|b .R59 1987
|
| 082 |
0 |
|
|a 551.48/3
|2 19
|
| 245 |
0 |
0 |
|a River channels :
|b environment and process /
|c edited by Keith Richards.
|
| 263 |
|
|
|a 8704
|
| 264 |
|
1 |
|a Oxford, UK ;
|a New York, NY, USA :
|b B. Blackwell,
|c 1987.
|
| 300 |
|
|
|a vi, 391 pages :
|b illustrations
|
| 336 |
|
|
|a text
|b txt
|2 rdacontent
|
| 337 |
|
|
|a unmediated
|b n
|2 rdamedia
|
| 338 |
|
|
|a volume
|b nc
|2 rdacarrier
|
| 490 |
1 |
|
|a Special publications series / Institute of British Geographers ;
|v 17
|
| 500 |
|
|
|a Errata slip inserted.
|
| 504 |
|
|
|a Includes bibliographies and index.
|
| 650 |
|
0 |
|a River channels.
|
| 650 |
|
0 |
|a Rivers.
|
| 650 |
|
0 |
|a Alluvium.
|
| 650 |
|
0 |
|a Sediment transport.
|
| 700 |
1 |
|
|a Richards, K. S.
|
| 710 |
2 |
|
|a Institute of British Geographers.
|
| 830 |
|
0 |
|a Special publications series (Institute of British Geographers) ;
|v 17.
|
| 999 |
|
|
|a MARS
|
| 999 |
f |
f |
|s c2637f8e-2a22-3320-80a9-01cfc7cd2516
|i 10a978b4-fc6e-31f4-8442-310b0caba668
|t 0
|
| 952 |
f |
f |
|p normal
|a Texas A&M University
|b College Station
|c Sterling C. Evans Library
|d Evans: Library Stacks
|t 0
|e GB561 .R59 1987
|h Library of Congress classification
|i unmediated -- volume
|m A14811073958
|
| 998 |
f |
f |
|a GB561 .R59 1987
|t 0
|l Evans: Library Stacks
|